000 00627nam a22002177a 4500
003 UA-OsUOA
001 66834
007 ta
008 20100128b un ||||| |||| 00| 0 ukr d
100 _aШерстюк О.М.
090 _a81
_bШ50
942 _cSA
040 _aUA-OsUOA
_bukr
_cUA-OsUOA
_dUA-OsUOA
245 _aВивчаємо французьку мову: міжпредметні зв'язки
300 _aС.47-52
955 _a0
041 _aukr
080 _a81
773 0 _w66832
650 7 _a8 Мовознавство. Художня література. Літературознавство
_2UDC
999 _c352950
_d352950